Oxford progressive english course. book one /

Guardado en:
Autor Principal: Hornby, A. S.
Formato: Libro
Publicado: Inglaterra : Oxford University Press, 1964
Materias:
Etiquetas: Agregar Etiqueta
Sin Etiquetas, Sea el primero en etiquetar este registro!
LEADER 00531nam a22001815a 4500
001 CEM.cems003300
005 19000101000000.0
008 130507s1964##################000#0#####d
003 CEMS
082 0 4 |a 428.64 
100 1 |a Hornby, A. S. 
245 1 0 |a Oxford progressive english course. book one /  |c  A. S. Hornby 
260 |a Inglaterra :  |b Oxford University Press,  |c 1964 
300 |a 196 p. 
653 |a Ingles 
653 |a Ingles 1er. año 
653 |a Ingles-textos 
859 |a CEMS  |b BIB. CEMS - 11 de abril  |h 428.64  |i H783-1/1  |p 2936.74  |t Ej.1